Across the wagah: (Record no. 157071)

MARC details
000 -LEADER
fixed length control field 00507nam a22001697a 4500
005 - DATE AND TIME OF LATEST TRANSACTION
control field 20180906144934.0
010 ## - LCCN (DPL NO)
LC control number B-217245
020 ## - INTERNATIONAL STANDARD BOOK NUMBER
International Standard Book Number 818500232347
Terms of availability 350.00
035 ## - SYSTEM CONTROL NUMBER
System control number B-217245
037 ## - SOURCE OF ACQUISITION
Source of stock number/acquisition Promilla & Co.Publishers
082 ## - DEWEY DECIMAL CLASSIFICATION NUMBER
Classification number 915.491
100 ## - MAIN ENTRY--PERSONAL NAME
Personal name Tikekar, Maneesha
245 ## - TITLE STATEMENT
Title Across the wagah:
Remainder of title an indian's sojourn in pakistan
Statement of responsibility, etc Maneesha Tikekar
260 ## - PUBLICATION, DISTRIBUTION, ETC. (IMPRINT)
Place of publication, distribution, etc New Delhi
Name of publisher, distributor, etc Promilla & Co.Publishers
Date of publication, distribution, etc 2004
300 ## - PHYSICAL DESCRIPTION
Extent 360p.
Dimensions 22cm(pbk)
942 ## - ADDED ENTRY ELEMENTS (KOHA)
Source of classification or shelving scheme Dewey Decimal Classification
Item type English Books
Classification part 915.491
Call number suffix TIK
Holdings
Withdrawn status Lost status Not for loan Collection code Home library Current library Date acquired Full call number Barcode Koha item type
      Non-fiction Sarojini Nagar Sarojini Nagar 06/09/2018 915.491 TIK B-217245 English Books

© Delhi Public Library
Hit Counter
free hit counter